Principles of macroeconomics / (Record no. 529)

000 -LEADER
fixed length control field 01194cam a2200373 a 4500
003 - CONTROL NUMBER IDENTIFIER
control field ALUPE UNIVERSITY
005 - DATE AND TIME OF LATEST TRANSACTION
control field 20210615080121.0
008 - FIXED-LENGTH DATA ELEMENTS--GENERAL INFORMATION
fixed length control field 100927s2011 onc 001 0 eng
020 ## - INTERNATIONAL STANDARD BOOK NUMBER
International Standard Book Number 9780176502423 :
040 ## - CATALOGING SOURCE
Transcribing agency ALUPE UNIVERSITY
043 ## - GEOGRAPHIC AREA CODE
Geographic area code n-cn---
050 ## - LIBRARY OF CONGRESS CALL NUMBER
Classification number HB172.5
Item number .H86 2012
055 #0 - CLASSIFICATION NUMBERS ASSIGNED IN CANADA
Classification number HB172.5
Item number .H86 2012
090 ## - LOCALLY ASSIGNED LC-TYPE CALL NUMBER (OCLC); LOCAL CALL NUMBER (RLIN)
Classification number (OCLC) (R) ; Classification number, CALL (RLIN) (NR) HB 172 P753 2011
Local cutter number (OCLC) ; Book number/undivided call number, CALL (RLIN) AEU
090 ## - LOCALLY ASSIGNED LC-TYPE CALL NUMBER (OCLC); LOCAL CALL NUMBER (RLIN)
Classification number (OCLC) (R) ; Classification number, CALL (RLIN) (NR) HB 172.5 M363 2011
Local cutter number (OCLC) ; Book number/undivided call number, CALL (RLIN) AFMK
100 1# - MAIN ENTRY--PERSONAL NAME
Personal name Mankiw, N. Gregory.
245 10 - TITLE STATEMENT
Title Principles of macroeconomics /
Statement of responsibility, etc. N. Gregory Mankiw, Ronald D. Kneebone, Kenneth J. McKenzie.
250 ## - EDITION STATEMENT
Edition statement 5th Canadian ed.
260 ## - PUBLICATION, DISTRIBUTION, ETC.
Place of publication, distribution, etc. Toronto :
Name of publisher, distributor, etc. Nelson Education,
Date of publication, distribution, etc. c2011, 2008.
300 ## - PHYSICAL DESCRIPTION
Extent xxix, 469 p. :
Other physical details col. ill. ;
Dimensions 26cm.
336 ## - CONTENT TYPE
Content type term text
Content type code txt
Source rdacontent
337 ## - MEDIA TYPE
Media type term unmediated
Media type code n
Source rdamedia
338 ## - CARRIER TYPE
Carrier type term volume
Carrier type code nc
Source rdacarrier
500 ## - GENERAL NOTE
General note Includes index.
650 #0 - SUBJECT ADDED ENTRY--TOPICAL TERM
Topical term or geographic name entry element Macroeconomics
Form subdivision Textbooks.
650 #0 - SUBJECT ADDED ENTRY--TOPICAL TERM
Topical term or geographic name entry element Macroeconomics
Geographic subdivision Canada
Form subdivision Textbooks.
700 1# - ADDED ENTRY--PERSONAL NAME
Personal name Kneebone, Ronald D.
Fuller form of name (Ronald David),
Dates associated with a name 1955-
700 1# - ADDED ENTRY--PERSONAL NAME
Personal name McKenzie, Kenneth J.
Fuller form of name (Kenneth James),
Dates associated with a name 1959-
942 ## - ADDED ENTRY ELEMENTS (KOHA)
Source of classification or shelving scheme
Koha item type Book
Suppress in OPAC DO
Holdings
Withdrawn status Lost status Source of classification or shelving scheme Damaged status Not for loan Permanent Location Current Location Shelving location Date acquired Total Checkouts Full call number Barcode Date last seen Price effective from Koha item type Public note
          AU LIBRARY AU LIBRARY Open Shelf 15.06.2021   HB172.5 .H86 2012 28002499 15.06.2021 15.06.2021 Book DO

Powered by Koha